000 00191nam a2200085Ia 4500
008 201216s9999 xx 000 0 und d
100 _aWright, C. H.
245 0 _aEffective deck hand
942 _cBK
999 _c6312
_d6312